000 00270nam a22001097a 4500
008 230703b xxu||||| |||| 00| 0 eng d
082 _a346.2
_bMAS 1960
245 _aYear of Decision
260 _bInstitute of Race Relations
_c1960
300 _aXII,282p
942 _2ddc
_cBK
999 _c3184
_d3184